| 000 | 01645nam a2200289Ia 4500 | ||
|---|---|---|---|
| 003 | CO-CtgCURN | ||
| 005 | 20251125153412.0 | ||
| 008 | 251015s2017 xx 000 0 und d | ||
| 020 | _a9789585915107 | ||
| 040 |
_aCO-CtgCURN _bspa _ccoctgcurn |
||
| 082 |
_aR 361.3 _bC669 |
||
| 110 | _aConsejo Nacional de Trabajo Social | ||
| 245 | 0 |
_aCódigo de ética de los trabajadores sociales en Colombia / _cConsejo Nacional de Trabajo Social |
|
| 250 | _a1 edición | ||
| 260 |
_aBogotá, Colombia : _bGrupo Editorial Ibañez, _c2015 |
||
| 300 |
_a56 páginas ; _c17 centímetros |
||
| 500 | _aIncluye índice | ||
| 505 | _aTrabajadores sociales que orientaron el proceso de revisión del código de ética expedido en 2022 -- Trabajadoras sociales que consolidaron la información del proceso de revisión y redactaron el texto final -- Instituciones de educación superior (IES) que participaron en el proceso de revisión -- Otros participantes en el proceso de revisión -- La presidenta del consejo nacional de trabajo social -- Cap. I. Objeto y alcance del código de ética -- Cap. II. Del trabajo social -- Cap. III. De los trabajadores sociales -- Cap. IV -- Principios y valores -- Cap. V. De los compromisos -- Cap. VI. Régimen disciplinario. | ||
| 521 | _aAREA PROFESIONAL | ||
| 590 | _6Programa de Trabajo Social_26 | ||
| 630 | 0 | 4 |
_aLey 53 de 1977 _zColombia |
| 630 | 0 | 4 |
_aDecreto 2833 de 1981 _zColombia |
| 650 | _aTrabajo social como profesión | ||
| 650 |
_aTrabajo social _xÉtica profesional |
||
| 942 |
_cREF _hR 361.3 _iC669 _2ddc |
||
| 999 |
_c50170 _d50170 |
||